Miesiące po hiszpańsku - Statystyki

Ogólne statystyki
  • Ten quiz został rozwiązany 48 razy
  • Średni wynik to 10 z 12
Statystyki odpowiedzi
Miesiąc % Poprawnych
julio
97%
marzo
87%
abril
84%
junio
84%
mayo
84%
noviembre
84%
agosto
77%
enero
74%
febrero
74%
septiembre
74%
diciembre
71%
octubre
68%
Nie znaleziono quizów pasujących do podanych kryteriów
Rozkład punktacji
Procent ludzi z każdym wynikiem
Percentyl według liczby udzielonych odpowiedzi
Twoja historia wyników
Nie rozwiązałeś tego quizu